Songs In dont smile at me In Alphabetical Order - Statistics

General Stats
  • This quiz has been taken 16 times
  • The average score is 8 of 9
Answer Stats
Songs % Correct
&burn (with Vince Staples)
100%
COPYCAT
100%
idontwannabeyouanymore
100%
my boy
100%
bellyache
88%
ocean eyes
88%
party favor
88%
watch
88%
hostage
75%
No matching quizzes found
Score Distribution
Percent of People with Each Score
Percentile by Number Answered
Your Score History
You have not taken this quiz